| 000 | 00560nam a2200169Ia 4500 | ||
|---|---|---|---|
| 003 | GCL | ||
| 008 | 140319s9999 xx 000 0 ara d | ||
| 020 | _a4744319953 | ||
| 040 |
_aGCL / _cGCL |
||
| 082 | 0 | 4 |
_a321.8 _bم م |
| 245 | 1 | 0 | _aمداخل الانتقال الى الديمقراطية في البلدان العربية |
| 250 | _aالاولى | ||
| 260 |
_aبيروت : _bمركز دراسات الوحدة العربية ، _c2003 |
||
| 300 |
_a277 ؛ _c24سم |
||
| 650 | 0 | 4 | _aالديمقراطية - العالم العربى |
| 942 |
_2ddc _cBK |
||
| 999 |
_c57586 _d57586 |
||